Hydraulic Structures : Theory and Applications (Record no. 48358)

MARC details
000 -LEADER
fixed length control field 01848nam a2200253Ia 4500
000 - LEADER
fixed length control field 02160naaa 00301uu
001 - CONTROL NUMBER
control field https://directory.doabooks.org/handle/20.500.12854/67646
005 - DATE AND TIME OF LATEST TRANSACTION
control field 20260218105740.0
008 - FIXED-LENGTH DATA ELEMENTS--GENERAL INFORMATION
fixed length control field 211013s9999 xx 000 0 und d
020 ## - INTERNATIONAL STANDARD BOOK NUMBER
International Standard Book Number 9781838819965
024 ## - OTHER STANDARD IDENTIFIER
Standard number or code 10.5772/intechopen.77330
042 ## - AUTHENTICATION CODE
Authentication code dc
100 1# - MAIN ENTRY--PERSONAL NAME
Personal name Ahsan, Amimul
245 #0 - TITLE STATEMENT
Title Hydraulic Structures : Theory and Applications
260 ## - PUBLICATION, DISTRIBUTION, ETC.
Name of publisher, distributor, etc. IntechOpen
Date of publication, distribution, etc. 2020
300 ## - PHYSICAL DESCRIPTION
Extent 1 electronic resource (80 p.)
520 ## - SUMMARY, ETC.
Summary, etc. Hydraulic Structures - Theory and Applications conveys a broad understanding of the fundamental mechanisms of various hydraulic structures. Emphasis is given to the analysis and design of different types of hydraulic structures. Various applications of hydraulic structure analysis are also incorporated. This book introduces advanced ideas on hydraulic structures: theory and applications to the international community. It includes five advanced and revised contributions, and covers (1) an introductory chapter on hydraulic structures, (2) the operation and maintenance of hydraulic structures, (3) a bottom discharge conduit for dams, (4) a review of methods of measuring streamflow using hydraulic structures, and (5) geotechnical engineering applied to earth-rock dams. The aim of the book is to provide a text for undergraduate and postgraduate students. Researchers, designers, and operators of hydraulic structures will find the text of interest and a stimulating up-to-date reference source.
540 ## - TERMS GOVERNING USE AND REPRODUCTION NOTE
Terms governing use and reproduction Creative Commons
653 ## - INDEX TERM--UNCONTROLLED
Uncontrolled term Hydraulic engineering
700 1# - ADDED ENTRY--PERSONAL NAME
Personal name Ahsan, Amimul
856 ## - ELECTRONIC LOCATION AND ACCESS
Uniform Resource Identifier <a href="https://docs.google.com/spreadsheets/d/1yKIrdCPDAG_9c22mwoOIO2DOhtj65Wqa/edit?usp=sharing&ouid=106555315294820607512&rtpof=true&sd=true ">https://docs.google.com/spreadsheets/d/1yKIrdCPDAG_9c22mwoOIO2DOhtj65Wqa/edit?usp=sharing&ouid=106555315294820607512&rtpof=true&sd=true </a>
Link text List of Curated E-Books
942 ## - ADDED ENTRY ELEMENTS (KOHA)
Koha item type E-Book
Holdings
Withdrawn status Source of classification or shelving scheme Damaged status Not for loan Home library Current library Date acquired Total Checkouts Date last seen Price effective from Koha item type
  Library of Congress Classification   Not For Loan Directory of Open Access Books Directory of Open Access Books 12/22/2021   12/22/2021 12/22/2021 E-Book

University of Rizal System
Email us at univlibservices@urs.edu.ph

Visit our Website www.urs.edu.ph/library